00689nam a2200241 a 4500001001300000003000900013005001700022008004100039020000900080082001600089100002200105245001700127260003500144300000900179500003500188505003200223650002300255700002200278902000800300942000700308952011500315999001700430nice12345678IN_TiNIC20260116013631.0050524s0000 newa grp 000 0 urd  ac2500a297.4bABD7 aAbdul Haq, Shaikh aGhousul Wara aNew DelhibMaktaba Jamiac0000 a128p aincludes index and biblioraphy2 aAppendix, References, Index aSufism-Hagiography1 aAbdul Haq, Shaikh bSRS cBK 001040708StackRoom-aHMIbHMId2007-07-31g25.00l0o297.4 ABD7p016152r2007-07-31v25.00w2005-05-24yBK c11734d11734